Melbourne Tram Routes - Route 1 - Statistics

General Stats
  • This quiz has been taken 5 times
  • The average score is 39 of 47
Answer Stats
Suburb Stop Answer % Correct
Brunswick East 123 Albert St/Lygon St
100%
Brunswick East 127 Albion St/Lygon St
100%
Southbank 14 Arts Precinct/St Kilda Rd
100%
Southbank 17 Arts Precinct/Sturt St
100%
Coburg 135 Bell St/Nicholson St
100%
Brunswick East 125 Blyth St/Lygon St
100%
Melbourne City 10 Bourke Street Mall/Swanston St
100%
Brunswick 120 Brunswick Rd/Lygon St
100%
Coburg 132 Crozier St/Nicholson St
100%
Carlton North 116 Fenwick St/Lygon St
100%
Brunswick East 122 Glenlyon Rd/Lygon St
100%
Southbank 18 Grant St/Sturt St
100%
Coburg 133 Harding St/Nicholson St
100%
Southbank 20 Kings Way/Sturt St
100%
Carlton 3 Lincoln Square/Swanston St
100%
Carlton 112 Lygon St/Elgin St
100%
Carlton 113 Lytton St/Lygon St
100%
Carlton North 115 Melbourne Cemetery/Lygon St
100%
Melbourne City 8 Melbourne Central Station/Swanston St
100%
Carlton 1 Melbourne University/Swanston St
100%
Coburg 134 Merribell Ave/Nicholson St
100%
Southbank 19 Miles St/Sturt St
100%
Brunswick 129 Moreland Rd/Holmes St
100%
Carlton North 118 Pigdon St/Lygon St
100%
Carlton North 114 Princes St/Lygon St
100%
Carlton 4 Queensberry St/Swanston St
100%
Coburg 131 Rennie St/Nicholson St
100%
Carlton North 117 Richardson St/Lygon St
100%
Melbourne City 7 RMIT University/Swanston St
100%
Brunswick East 126 Stewart St/Lygon St
100%
Coburg 130 The Avenue/Nicholson St
100%
Brunswick East 124 Victoria St/Lygon St
100%
Brunswick East 121 Weston St/Lygon St
100%
Melbourne City 11 City Square/Swanston St
67%
South Melbourne 22 Dorcas St/Eastern Rd
67%
Melbourne City 13 Federation Square/Swanston St
67%
Brunswick East 128 Mitchell St/Holmes St
67%
Albert Park 30 Richardson St/Victoria Ave
67%
Albert Park 32 Beaconsfield Pde/Victoria Ave
33%
Albert Park 29 Bridport St/Victoria Ave
33%
South Melbourne 25 Cecil St/Park St
33%
South Melbourne 24 Clarendon St/Park St
33%
South Melbourne 26 Ferrars St/Park St
33%
Albert Park 31 Graham St/Victoria Ave
33%
South Melbourne 23 Moray St/Park St
33%
South Melbourne 27 Park St/Montague St
33%
Albert Park 28 Montague St/Bridport St
0%
No matching quizzes found
Score Distribution
Percent of People with Each Score
Percentile by Number Answered
Your Score History
You have not taken this quiz